banner koha

Comparação entre vacas puras Holandês e mestiças Holandês x Jersey quanto à sanidade, imunidade e facilidade de parto (Registro n. 300452)

MARC details
000 -LÍDER
fixed length control field 05162nab a2200361 i 4500
003 - CÓDIGO MARC DA AGÊNCIA CATALOGADORA
Campo de controle BR-BrBNA
005 - DATA E HORA DA ÚLTIMA ATUALIZAÇÃO
Campo de controle 20240709094113.0
008 - CAMPO DE TAMANHO FIXO
fixed length control field 240709b2017 bl.|r|pooa||| 00| 0 por |
040 ## - FONTE DA CATALOGAÇÃO
Agência catalogadora BR-BrBNA
Idioma da catalogação por
072 ## - CATEGORIA AGRIS
Código AGRIS L53
Código do objeto 5214
072 ## - CATEGORIA AGRIS
Código AGRIS L10
100 ## - ENTRADA PRINCIPAL - NOME PESSOAL
Nome pessoal Dal Pizzol, J.G.
100 ## - ENTRADA PRINCIPAL - NOME PESSOAL
Nome pessoal Gomes, I.P.O.
100 ## - ENTRADA PRINCIPAL - NOME PESSOAL
Nome pessoal Braun, W.
100 ## - ENTRADA PRINCIPAL - NOME PESSOAL
Nome pessoal Lisboa, J.A.N.
100 ## - ENTRADA PRINCIPAL - NOME PESSOAL
Nome pessoal Flaiban, K.K.M.C.
100 ## - ENTRADA PRINCIPAL - NOME PESSOAL
Nome pessoal Thaler Neto, A.
245 ## - TÍTULO PRINCIPAL
Título principal Comparação entre vacas puras Holandês e mestiças Holandês x Jersey quanto à sanidade, imunidade e facilidade de parto
500 ## - NOTA GERAL
Nota geral Publicação online; 28 ref.; 4 tables; Summaries (En, Pt)
942 ## - ADDED ENTRY ELEMENTS (KOHA)
Koha item type
520 ## - NOTA DE RESUMO
Nota de conteúdo <br/><br/>RESUMO - O cruzamento com a raça Jersey vem sendo utilizado principalmente como alternativa para o aumento da concentração de sólidos do leite em rebanhos puros Holandês, sendo a capacidade de produção desses animais conhecida em diversos estudos. Entretanto, ainda existem limitadas informações sobre diversos fatores relevantes para a tomada de decisão e para o manejo de rebanhos cruzados, tais como resistência a doenças e facilidade de parto, sendo esta a motivação do presente trabalho, o qual objetivou avaliar a sanidade, a imunidade e a facilidade de parto de vacas mestiças Holandês x Jersey em relação a vacas puras Holandês. Foram analisados dados de dificuldade de parto, duração da gestação, retenção de placenta, indicadores sanguíneos para doenças metabólicas pós-parto (cetose e paresia puerperal hipocalcêmica) e de imunidade obtidos em vacas mestiças Holandês x Jersey e puras Holandês durante o período de um ano. O grupamento genético não afetou a facilidade de parto (P=0,4376), a retenção de placenta (P=0,7074) e a duração da gestação (P=0,2812). Vacas mestiças apresentaram maiores concentrações de gamaglobulinas (1,776 contra 1,456g/dL) e de proteína total (7,019 contra 6,525g/dL). Quanto à concentração de β-hidroxibutirato (BHBA), ocorreu diferença somente no dia do parto, com valores mais altos para as vacas mestiças (0,580 contra 0,427mmol/L). Observou-se diferença entre grupamentos genéticos para concentração de cálcio iônico (P=0,082), com vacas mestiças apresentando concentração mais baixa (3,92 contra 4,3 mg/dL). Conclui-se que vacas mestiças apresentam melhor performance em indicadores de imunidade e pior nos indicadores de cetose e paresia puerperal hipocalcêmica no pós-parto em relação às puras Holandês. O cruzamento não aumenta o risco de distocia em vacas inseminadas com touros Holandês.<br/><br/><br/>Palavras-chave: cetose, cruzamento, imunoglobulinas, paresia puerperal hipocalcêmica, retenção de placenta
520 ## - NOTA DE RESUMO
Nota de conteúdo <br/><br/>ABSTRACT - The crossbreed with the Jersey breed has been used mainly as an alternative to increasing the concentration of milk solids in Holstein herds, the production capacity of these animals having become the focus of several studies. However, there is still limited information on many relevant factors for decision-making and management of crossbreed herds, such as disease resistance and ease of calving, and this is the motivation for this work, which aimed to evaluate the health, immunity and calving difficulty in Holstein x Jersey crossbred cows compared to pure Holstein cows. Data from calving difficulty, retained placenta, gestation length, blood indicators for postpartum metabolic diseases (ketosis and hypocalcemic puerperal paresis) and immunity in a herd composed by crossbreeds and Holstein cows during one year was analyzed. The genetic groups did not affect ease of calving (P = 0.4376), retained placenta (P = 0.7074) and gestation length (P=0.2812). Crossbred cows had higher concentrations of gammaglobulins (1.776 versus 1.456g/dL) and total protein (7.019 versus 6.525g/dL). For the concentration of BHBA, differences occurred only at calving, with higher values for crossbred cows (0.580 versus 0.427mmol/L). Difference was observed between genetic groups for concentration of ionized calcium (P = 0.082), with crossbred cows presenting lower concentrations (3.92 versus 4.3mg/dL). In conclusion, crossbred cows have superior performance compared to Holstein cows for immunity indicators and lower for hypocalcemic puerperal paresis and ketosis indicators on the day of calving. Crossbred cows do not have an increased risk of dystocia in relation to pure Holstein cows when mated with Holstein bulls.<br/><br/><br/>Keywords: ketosis, crossbreeding, immunoglobulins, hypocalcemic puerperal paresis, retained placenta
650 ## - ASSUNTO - THESAGRO
Cabeçalho tópico ou nome geográfico GADO HOLANDÊS
650 ## - ASSUNTO - THESAGRO
Cabeçalho tópico ou nome geográfico GADO JERSEY
650 ## - ASSUNTO - THESAGRO
Cabeçalho tópico ou nome geográfico CRUZAMENTO
650 ## - ASSUNTO - THESAGRO
Cabeçalho tópico ou nome geográfico IMUNOGLOBULINA
650 ## - ASSUNTO - THESAGRO
Cabeçalho tópico ou nome geográfico CETOSE
650 ## - ASSUNTO - THESAGRO
Cabeçalho tópico ou nome geográfico REPRODUÇÃO ANIMAL
650 ## - ASSUNTO - THESAGRO
Cabeçalho tópico ou nome geográfico PERFORMANCE
773 0# - ENTRADA ANALÍTICA
Host Biblionumber 1643
Registro do item 316242
Imprenta Belo Horizonte-MG Universidade Federal de Minas Gerais - Escola de Veterinaria 1983
Outro identificador 2024-2643
Título Arquivo Brasileiro de Medicina Veterinária e Zootecnia (Brazil)
ISSN 0102-0935
Colação v. 69(4) p. 955-961; (2017)
Número de controle de registro BR2024001662
856 ## - ACESSO E ENDEREÇO ELETRÔNICO
Identificador uniforme de recurso - URI https://www.scielo.br/j/abmvz/a/VCKMd8QwNxJNpyxbDK76yDD/?format=pdf&lang=pt

Nenhum exemplar disponível.

BINAGRI

Telefone: (61)3218-2567/2388/3357/2097 - binagri@agro.gov.br

Ministério da Agricultura e Pecuária , Esplanada dos Ministérios, Bloco D, Anexo B, Brasília/DF, CEP: 70.043-900